Ekonomický rast a sociálno-ekonomický vývoj v Stiglitzovej-Senovej správe a nové úlohy štatistiky
Hrubý domáci produkt v ekonomickej teórii a praxi. Kritické pripomienky na adresu širokospektrálneho používania HDP na obyvateľa. HDP a doplnkové nástroje hodnotenia ekonomického rastu. Nové podnety pre meranie výsledkov ekonomického rastu a sociálneho rozvoja. Pokusy o nové ukazovatele merania ekon...
Uložené v:
| Hlavný autor: | |
|---|---|
| Médium: | Kapitola |
| Jazyk: | Slovak |
| Predmet: | |
| Tagy: |
Žiadne tagy, Buďte prvý, kto otaguje tento záznam!
|
MARC
| LEADER | 00000naa$a2200000$$$4500 | ||
|---|---|---|---|
| 001 | 0114953 | ||
| 005 | 20231107113826.9 | ||
| 041 | 0 | |a slo | |
| 044 | |a SK | ||
| 245 | 1 | 0 | |a Ekonomický rast a sociálno-ekonomický vývoj v Stiglitzovej-Senovej správe a nové úlohy štatistiky |c Ladislav Kabát |
| 520 | |a Hrubý domáci produkt v ekonomickej teórii a praxi. Kritické pripomienky na adresu širokospektrálneho používania HDP na obyvateľa. HDP a doplnkové nástroje hodnotenia ekonomického rastu. Nové podnety pre meranie výsledkov ekonomického rastu a sociálneho rozvoja. Pokusy o nové ukazovatele merania ekonomického rastu, sociálneho rozvoja a stavu životného prostredia. | ||
| 610 | 2 | 0 | |a rast hospodársky |
| 610 | 2 | 0 | |a rozvoj sociálno-ekonomický |
| 610 | 2 | 0 | |a produkt domáci hrubý |
| 610 | 2 | 0 | |a teória a prax |
| 610 | 2 | 0 | |a štatistika |
| 100 | 1 | |a Kabát, Ladislav | |